| 000 | 01240nam a2200325 i 4500 | ||
|---|---|---|---|
| 001 | 000016997 | ||
| 003 | DO-SdBNP | ||
| 005 | 20250716145922.0 | ||
| 007 | ta | ||
| 008 | 100312s1992 dr abc 001 0 spa d | ||
| 040 |
_aDO-SdBNP _bspa _cBNPHU _erda |
||
| 041 | _aspa | ||
| 082 | 4 |
_a333.78 _bV145s _222 |
|
| 100 | 1 |
_aValdez Sierra, Gabriel, _eautor _4aut. _937547 |
|
| 245 | 1 | 0 |
_aSistema de areas protegidas de República Dominicana / _cGabriel Valdez Sierra, José Manuel Mateo Féliz ; prólogo, Cristian Martínez Villanueva. |
| 264 | 1 |
_aSanto Domingo : _bTaller, _c1992. |
|
| 300 |
_a182 páginas: _bilustraciones; mapas, retratos ; _c23 cm. |
||
| 336 |
_atexto _btxt _2rdacontent |
||
| 337 |
_asin mediación _bn _2rdamedia |
||
| 338 |
_avolumen _bnc _2rdacarrier |
||
| 504 | _aBibliografía : páginas 180-182 | ||
| 590 | _aInventariado, 2018/LP | ||
| 650 | 7 |
_aÁreas protegidas _zRepública Dominicana _97050 _2LEMB |
|
| 650 | 4 |
_aConservación de los recursos naturales _91562 |
|
| 650 | 4 |
_aParques Nacionales _zRepública Dominicana _97049 |
|
| 700 | 1 |
_aMateo Féliz, José Manuel, _937548 _4aut. _eautor |
|
| 700 | 1 |
_aMartínez, Cristian, _eprologuista _4pr. _91853 |
|
| 910 | _aValidado. Control de calidad EMS | ||
| 942 |
_2ddc _cLBS1 |
||
| 999 |
_c16525 _d16525 |
||